000 00285nam a2200145Ia 4500
100 _aJamsa/Kris
250 _a1
942 _cBK
654 _awindows 3.0
245 _aABC''''of Windows 3.0
260 _bBPB
_aNew Delhi
_c1991
300 _a326
546 _aENGLISH
999 _c22909
_d22909